000 01486cam a2200337 a 4500
005 20260322212006.0
008 data
010 _a85-600578
040 _aDNLM
_cDNLM
041 0 9 _aeng
044 _9United States
060 0 0 _aWA 305
_bS914 1985
245 0 0 _aStress & Hispanic mental health :
_brelating research to service delivery /
_cedited by William Vega, Manuel Miranda & Center for Studies of Minority Group Mental Health (U.S.).
246 3 _aStress and Hispanic mental health
260 _aRockville, Md. :
_bU.S. Dept. of Health and Human Services, Public Health Service, Alcohol, Drug Abuse, and Mental Health Administration, National Institute of Mental Health,
_c1985.
300 _axii, 289 p. :
_bill.
440 0 _aDHHS publication ;
_vno. (ADM) 85-1410
500 _a"Partially written under contract no. 85M042067601D from the Center for Studies of Minority Group Mental Health, Division of Prevention and Special Mental Health Programs, National Institute of Mental Health"--T.p. verso.
504 _aIncludes bibliographical references.
590 _aIncludes bibliographies.
650 2 _aHealth Services Research
_xmethods
650 2 _aHispanic Americans
_xpsychology
650 2 _aMental Health
650 2 _aSocial Environment
650 2 _aSocial Support
650 2 _aStress, Psychological
700 1 _aVega, William.
700 1 _aMiranda, Manuel,
_d1939-
710 2 _aCenter for Studies of Minority Group Mental Health (U.S.)
001 data
999 _c91
_d91